| 000 | 05968nam0a2200673 4500 | ||
|---|---|---|---|
| 001 | RU\NLR\BIBL_A\011945771 | ||
| 005 | 20250806210621.0 | ||
| 020 |
_aRU _9Ленинград в Великой Отечественной войне. Коллекция. Афиши |
||
| 035 | _a(NLR Aleph) 011945771 | ||
| 090 |
_a65515 _c65515 |
||
| 100 | _a20190225d1945 u y0rusy50 ca | ||
| 101 | 0 | _arus | |
| 102 | _aRU | ||
| 105 | _ay z 000zy | ||
| 135 | _acrcn 024anaba | ||
| 200 | 1 |
_aА ну-ка, взяли! _eэстрадно-цирковое представление в 2 отделениях _eпремьера! _eавторы: Г.С. Венецианов, М.Л. Карелина, И.М. Меттер. Композиторы: лауреат Сталинской премии В.П. Соловьев-Седой и В.К. Сорокин. Постановка и режиссура з. а. А.Б. Винер, З.В. Рикоми; балетмейстер Р.И. Гербек. Художник: М.А. Григорьев; ассистенты художника В.М. Голод, И.Н. Кичанова. Зав. Муз. частью: К.М. Аренков, дирижер М.Г. Корик, концертмейстер О.М. Каганович. Режиссер А.С. Животов. Режиссер балета Е.В. Иванова, режиссер цирка Г.М. Поликарпов. Зав. постановочной частью Н.Г. Немировская. Художественный руководитель Г. С. Венецианов. Спектакль ведет О. А. Иванова. Костюмы выполнены мастерскими Теапосткомбината. Парики и грим работы Н. Ф. Григорьева, Радио-оформление спектакля В. А. Ивановского _e[афиша] _fЛенинградское отделение ВГКО (Ленгосэстрада), Театр эстрады |
|
| 210 |
_a[Ленинград] _cТЛ-4 _d1945 |
||
| 215 |
_a1 л. _d48х51 |
||
| 300 | _aНачало в 19 ч. 15 м. и 21 ч. 30 м. Билеты продаются в кассах театра от 12 ч. до 22. ч. и во всех районных кассах ЦТК | ||
| 300 | _aЗак. 625 | ||
| 325 | _aКопия доступна в Электрон. б-ке РНБ | ||
| 606 | 1 |
_aТеатральная жизнь _yЛенинград, город _z1941 - 1944 _jАфиши _2nlr_sh2 _3RU\NLR\AUTH\6601649837 |
|
| 686 | _aЩ333(2Р=Рус)7- 692Ленинград | ||
| 702 | 1 |
_aВенецианов _bГ. С. _cдраматург, режиссёр _f1896-1965 _gГеоргий Семёнович _3RU\NLR\AUTH\770201910 _4005 |
|
| 702 | 1 |
_aКарелина _bМ. Л. _cсценарист _3RU\NLR\AUTH\770201913 _4005 |
|
| 702 | 1 |
_aМеттер _bИ. М. _cписатель, сценарист _f1909-1996 _gИзраиль Моисеевич _3RU\NLR\AUTH\7734074 _4005 |
|
| 702 | 1 |
_aСоловьев-Седой _bВ. П. _f1909-1979 _gВасилий Павлович _3RU\NLR\AUTH\77127113 _4230 |
|
| 702 | 1 |
_aСорокин _bВ. К. _cкомпозитор _f1914-1997 _gВладимир Константинович _3RU\NLR\AUTH\770201950 _4230 |
|
| 702 | 1 |
_aВинер _bА. Б. _cрежиссер _f1896-1984 _gАлександр Борисович _3RU\NLR\AUTH\770201956 _4005 |
|
| 702 | 1 |
_aРикоми _bЗ. В. _cактриса _f1902-1984 _gЗинаида Викторовна _3RU\NLR\AUTH\770201960 _4005 |
|
| 702 | 1 |
_aГербек _bР. И. _cартист балета _f1907-1994 _gРоберт Иосифович _3RU\NLR\AUTH\770201628 _4005 |
|
| 702 | 1 |
_aГригорьев _bМ. А. _cхудожник _f1899-1960 _gМихаил Александрович _3RU\NLR\AUTH\770201970 _4040 |
|
| 702 | 1 |
_aГолод _bВ. М. _cколлекционер, переводчик _f1899-1999 _gВалентина Михайловна _3RU\NLR\AUTH\770201978 _4040 |
|
| 702 | 1 |
_aКичанова _bИ. Н. _cхудожник _f1918-1989 _gИрина Николаевна _3RU\NLR\AUTH\770201976 _4040 |
|
| 702 | 1 |
_aАренков _bК. М. _cкомпозитор _f1894-1946 _gКонстантин Михайлович _3RU\NLR\AUTH\770201997 _4005 |
|
| 702 | 1 |
_aКорик _bМ. Г. _cаккомпаниатор, дирижер _gМихаил Григорьевич _3RU\NLR\AUTH\770202004 _4250 |
|
| 702 | 1 |
_aКаганович _bО. М. _cконцертмейстер _3RU\NLR\AUTH\770202008 _4005 |
|
| 702 | 1 |
_aЖивотов _bА. С. _cкомпозитор _f1904-1964 _gАлексей Семенович _3RU\NLR\AUTH\77127061 _4005 |
|
| 702 | 1 |
_aИванова _bЕ. В. _cрежиссер балета _3RU\NLR\AUTH\770202012 _4005 |
|
| 702 | 1 |
_aПоликарпов _bГ. М. _cартист цирка _f1914-1994 _gГеоргий Михайлович _3RU\NLR\AUTH\770202014 _4005 |
|
| 702 | 1 |
_aНемировская _bН. Г. _cработник театра _3RU\NLR\AUTH\770202016 _4005 |
|
| 712 | 0 | 2 |
_aЛенинградский театр эстрады и миниатюр _3RU\NLR\AUTH\880495869 _4570 |
| 852 |
_aNLR _jЛ3-330а/14/1/1945-март(3) |
||
| 856 | 0 | _uhttp://vivaldi.nlr.ru/la700000190/view | |
| 856 | 1 | _uhttp://vivaldi.nlr.ru/la700000190/cover | |
| 856 | 2 | _uhttp://vivaldi.nlr.ru/la700000190/text | |
| 942 | _cVISUAL | ||
| 945 | _aРоссийская национальная библиотека | ||
| 980 | _aNB | ||
| 980 | _aBV | ||
| 980 | 3 | _akplen | |
| 980 | 3 | _akp | |
| 981 | 3 | 7 |
_a(37) Ленинград в Великой Отечественной войне _b(37) Афиши блокадного Ленинграда |